| 000 | 00500nam a2200157 i 4500 | ||
|---|---|---|---|
| 001 | 30862 | ||
| 003 | ES-MaACL | ||
| 005 | 20230906154251.0 | ||
| 007 | t| | ||
| 008 | 030127s1973 sp ||||1| cat d | ||
| 100 | 1 |
_aBellmunt, Domènec de. _927232 |
|
| 245 | 1 | 0 |
_aBoires i candelers _b: Novel-la de l'Urgell : Els primers records ; Narracions en prosa / _cDomènec de Bellmunt. |
| 260 |
_aTarrega : _bF. Campos Calmet, _c[1973] |
||
| 300 |
_a130 p. ; _c21 cm. |
||
| 852 |
_aES-MaACL _jC-54342 _bR.87007 |
||
| 999 |
_c30862 _d30862 |
||